Normal view
MARC view
- تأليف Yule,George
Entry Personal Name
001 - CONTROL NUMBER
- control field: 2114
003 - CONTROL NUMBER IDENTIFIER
- control field: JO-AjAnu
005 - DATE AND TIME OF LATEST TRANSACTION
- control field: 20230606070641.0
008 - FIXED-LENGTH DATA ELEMENTS
- fixed length control field: 230606|| aca||aabn | a|a d
040 ## - CATALOGING SOURCE
- Original cataloging agency: JO-AjAnu
- Transcribing agency: JO-AjAnu
100 ## - HEADING--PERSONAL NAME
- Personal name: تأليف Yule,George
670 ## - SOURCE DATA FOUND
- Source citation: Work cat.: (JO-AjAnu)1110: تأليف Yule,George, author, Oxford Practice Grammar With Answers:Advanced With Practice-Plus CD-ROM